| 000 | 00554nam a2200181 i 4500 | ||
|---|---|---|---|
| 001 | 46009 | ||
| 003 | ES-MaACL | ||
| 005 | 20230906161321.0 | ||
| 007 | t| | ||
| 008 | 030327s1966 xxk ||||1| eng d | ||
| 245 | 0 | 4 |
_aThe Concise Cambridge Bibliography of English Literature 600-1950 / _cedited by George Watson. |
| 250 | _a2nd ed. | ||
| 260 |
_aCambridge : _bUniversity, _c1966. |
||
| 300 |
_a269 p. ; _c20 cm. |
||
| 650 | 4 |
_aLiteratura inglesa- _vBibliografías. _9160110 |
|
| 700 | 1 |
_aWatson, George. _9116186 |
|
| 852 |
_aES-MaACL _jL-7699 _bR.108185 |
||
| 999 |
_c46009 _d46009 |
||